Useimmin arvatut valtiot JetPunkissa - Statistics

Yleistilastot
  • Tätä visaa on pelattu 1 804 kertaa
  • Keskiarvotulos 19 / 21
Vastaustilastot
Arvattu Valtio % Oikein
97 % Ruotsi
98%
98 % Suomi
98%
97 % Venäjä
98%
94 % Yhdysvallat
98%
97 % Norja
97%
96 % Saksa
97%
95 % Kiina
96%
95 % Ranska
95%
94 % Kanada
94%
95 % Espanja
93%
95 % Viro
93%
95 % Italia
90%
94 % Latvia
90%
94 % Liettua
90%
93 % Japani
89%
94 % Tanska
88%
94 % Islanti
86%
92 % Yhdistynyt kuningaskunta
85%
93 % Australia
82%
92 % Portugali
75%
92 % Irlanti
72%
Ehtoja vastaavia visoja ei löytynyt
Tulosjakauma
Jokaisen tuloksen saaneiden osuus
Persentiili vastausten määrän mukaan
Tuloshistoriasi
Et ole pelannut tätä visaa